Statistics for Capital Cities by Closest Capital N-E-S-W

Click here to take the quiz!

General Stats

  • This quiz has been taken 31 times
  • The average score is 15 of 20

Answer Stats

Closest NorthClosest EastClosest SouthClosest WestCAPITAL CITY% Correct
UlaanbaatarPyongyangTaipeiThimphuBeijing
94%
DushanbeKathmanduNew DelhiKabulIslamabad
90%
ParisMadridRabatOttawaLisbon
90%
MoscowBakuYerevanAnkaraTbilisi
87%
LisbonAlgiersNouakchottSaint John'sRabat
84%
ManamaAbu DhabiSana'aRiyadhDoha
81%
TbilisiBakuBaghdadAnkaraYerevan
77%
DodomaHarareGaboroneWindhoekLusaka
74%
KingstonCaracasQuitoPanamaBogota
74%
JubaNairobiBujumburaKigaliKampala
74%
SingaporeDili --- ColomboJakarta
71%
MoroniPort Louis --- LilongweAntananarivo
71%
ThimphuVientianeBangkokDhakaNaypyidaw
71%
DhakaNaypyidawPort LouisMaleColombo
68%
ManilaMelekeokJakartaSingaporeBandar Seri Begawan
68%
TarawaMexico CityNuku'alofaFunafutiApia
68%
BanjulBamakoConakryPraiaBissau
65%
MalaboBrazzavilleLuandaSao TomeLibreville
65%
FunafutiNuku'alofaWellingtonPort-VilaSuva
61%
AbujaBanguiLibrevilleMalaboYaounde
58%

Score Distribution

Percentile by Number Answered

Percent of People with Each Score

Your Score History

You have not taken this quiz